[Event "Figueira 2023"]
[Site "?"]
[Date "2023.11.12"]
[Round "9.1"]
[White "Mehar, Chinna Reddy C.H."]
[Black "Albornoz Cabrera, Carlos Daniel"]
[Result "0-1"]
[BlackElo "2585"]
[WhiteElo "2366"]
[LiveChessVersion "1.4.8"]

1. d4 {[%clk 1:28:12]} Nf6 {[%clk 1:30:55]} 2. Nf3 {[%clk 1:28:33]} d5
{[%clk 1:31:22]} 3. Bf4 {[%clk 1:28:46]} c5 {[%clk 1:31:48]} 4. e3
{[%clk 1:29:08]} Nc6 {[%clk 1:32:15]} 5. Nbd2 {[%clk 1:29:24]} cxd4
{[%clk 1:32:39]} 6. exd4 {[%clk 1:29:44]} Bf5 {[%clk 1:33:01]} 7. Bb5
{[%clk 1:29:37]} e6 {[%clk 1:33:18]} 8. Ne5 {[%clk 1:27:45]} Qb6 {[%clk 1:32:53]}
9. c4 {[%clk 1:20:37]} Qxd4 {[%clk 1:28:58]} 10. Nxc6 {[%clk 1:18:50]} Qxf4
{[%clk 1:29:21]} 11. g3 {[%clk 1:10:27]} Qc7 {[%clk 1:29:37]} 12. Nd4+
{[%clk 1:10:20]} Kd8 {[%clk 1:30:01]} 13. Nxf5 {[%clk 1:10:09]} exf5
{[%clk 1:30:27]} 14. O-O {[%clk 1:08:46]} a6 {[%clk 1:30:55]} 15. Ba4
{[%clk 1:08:04]} Rc8 {[%clk 1:31:21]} 16. cxd5 {[%clk 1:04:20]} Bd6
{[%clk 1:28:17]} 17. Rc1 {[%clk 0:55:57]} Qxc1 {[%clk 1:28:32]} 18. Qxc1
{[%clk 0:56:18]} Rxc1 {[%clk 1:28:59]} 19. Rxc1 {[%clk 0:56:40]} Ne8
{[%clk 1:20:20]} 20. Kg2 {[%clk 0:49:22]} Bb8 {[%clk 1:16:56]} 21. Bb3
{[%clk 0:42:29]} Nd6 {[%clk 1:16:01]} 22. Nc4 {[%clk 0:42:27]} Re8
{[%clk 1:14:51]} 23. Nxd6 {[%clk 0:41:58]} Bxd6 {[%clk 1:15:19]} 24. Kf3
{[%clk 0:41:04]} g6 {[%clk 1:12:59]} 25. Bc4 {[%clk 0:37:09]} Re4
{[%clk 1:10:47]} 26. Rc2 {[%clk 0:35:09]} h5 {[%clk 1:09:23]} 27. Bb3
{[%clk 0:27:57]} g5 {[%clk 1:00:13]} 28. Rc4 {[%clk 0:20:37]} Re1
{[%clk 0:57:00]} 29. h3 {[%clk 0:17:13]} Rb1 {[%clk 0:54:31]} 30. Rc2
{[%clk 0:15:13]} Ke7 {[%clk 0:45:27]} 31. Bc4 {[%clk 0:13:24]} Kf6
{[%clk 0:42:33]} 32. Kg2 {[%clk 0:13:31]} g4 {[%clk 0:38:50]} 33. Be2
{[%clk 0:12:57]} Ke5 {[%clk 0:35:16]} 34. Rd2 {[%clk 0:08:14]} Rc1
{[%clk 0:30:00]} 35. Bd1 {[%clk 0:07:20]} Bb4 {[%clk 0:26:58]} 36. Re2+
{[%clk 0:06:28]} Kf6 {[%clk 0:27:15]} 37. Bc2 {[%clk 0:06:18]} Bd6
{[%clk 0:26:53]} 38. Rd2 {[%clk 0:03:21]} Re1 {[%clk 0:22:11]} 39. Bd1
{[%clk 0:02:54]} Kg5 {[%clk 0:19:44]} 40. Rd4 {[%clk 0:30:58]} Kf6
{[%clk 0:43:55]} 41. Rd2 {[%clk 0:29:19]} Kg5 {[%clk 0:39:04]} 42. Rd4
{[%clk 0:28:47]} Re8 {[%clk 0:38:30]} 43. Rd3 {[%clk 0:26:06]} Re4
{[%clk 0:33:06]} 44. Rd2 {[%clk 0:22:36]} Rc4 {[%clk 0:30:13]} 45. f4+
{[%clk 0:17:40]} gxf3+ {[%clk 0:28:50]} 46. Bxf3 {[%clk 0:17:43]} h4
{[%clk 0:28:25]} 47. gxh4+ {[%clk 0:17:38]} Kxh4 {[%clk 0:28:45]} 48. Bd1
{[%clk 0:17:25]} Rc8 {[%clk 0:28:05]} 49. Rd3 {[%clk 0:14:43]} Rg8+
{[%clk 0:27:26]} 50. Kf1 {[%clk 0:14:39]} f4 {[%clk 0:24:19]} 51. Bg4
{[%clk 0:13:55]} Re8 {[%clk 0:22:41]} 52. Bd1 {[%clk 0:12:28]} Re5
{[%clk 0:20:10]} 53. Bg4 {[%clk 0:10:55]} f5 {[%clk 0:18:49]} 54. Bd1
{[%clk 0:10:48]} Re7 {[%clk 0:19:02]} 55. Kg2 {[%clk 0:09:47]} Rg7+
{[%clk 0:19:09]} 56. Kf1 {[%clk 0:09:58]} Rg6 {[%clk 0:18:01]} 57. Rf3
{[%clk 0:09:33]} Rg7 {[%clk 0:16:16]} 58. Rd3 {[%clk 0:09:29]} Kg5
{[%clk 0:15:23]} 59. Bf3 {[%clk 0:06:53]} Rh7 {[%clk 0:14:52]} 60. Kg2
{[%clk 0:05:45]} Kf6 {[%clk 0:15:02]} 61. Rd2 {[%clk 0:04:33]} Rg7+
{[%clk 0:15:09]} 62. Kf2 {[%clk 0:04:03]} Rg3 {[%clk 0:14:56]} 63. h4
{[%clk 0:03:53]} Rh3 {[%clk 0:15:04]} 64. h5 {[%clk 0:02:35]} Rh2+
{[%clk 0:14:59]} 65. Bg2 {[%clk 0:03:01]} Rxh5 {[%clk 0:15:17]} 66. Re2
{[%clk 0:02:09]} Bc5+ {[%clk 0:15:04]} 67. Kf1 {[%clk 0:02:00]} Be3
{[%clk 0:15:29]} 68. Rc2 {[%clk 0:01:52]} Rh2 {[%clk 0:14:37]} 69. Re2
{[%clk 0:01:37]} Ke5 {[%clk 0:14:31]} 70. d6 {[%clk 0:00:47]} Rh7
{[%clk 0:14:28]} 71. Rc2 {[%clk 0:00:52]} Kxd6 {[%clk 0:14:34]} 72. Bf3
{[%clk 0:01:02]} b6 {[%clk 0:13:38]} 0-1

[Event "Figueira 2023"]
[Site "?"]
[Date "2023.11.12"]
[Round "9.3"]
[White "Bernadskiy, Vitaliy"]
[Black "Prraneeth, Vuppala"]
[Result "1/2-1/2"]
[BlackElo "2512"]
[WhiteElo "2546"]
[LiveChessVersion "1.4.8"]

1. Nf3 {[%clk 1:28:50]} d5 {[%clk 1:30:37]} 2. e3 {[%clk 1:29:14]} Nf6
{[%clk 1:29:39]} 3. c4 {[%clk 1:25:17]} e6 {[%clk 1:29:28]} 4. Nc3
{[%clk 1:24:52]} c5 {[%clk 1:28:41]} 5. cxd5 {[%clk 1:25:00]} exd5
{[%clk 1:28:54]} 6. d4 {[%clk 1:25:15]} Nc6 {[%clk 1:28:51]} 7. Bb5
{[%clk 1:24:54]} cxd4 {[%clk 1:28:13]} 8. exd4 {[%clk 1:24:51]} Bd6
{[%clk 1:18:55]} 9. Bg5 {[%clk 1:24:59]} O-O {[%clk 1:17:38]} 10. O-O
{[%clk 1:24:11]} Bg4 {[%clk 1:15:49]} 11. Be2 {[%clk 1:14:32]} Be7
{[%clk 1:10:00]} 12. Re1 {[%clk 1:08:03]} h6 {[%clk 1:06:28]} 13. Bh4
{[%clk 1:05:02]} Ne4 {[%clk 1:02:04]} 14. Bxe7 {[%clk 1:02:49]} Nxc3
{[%clk 1:00:58]} 15. bxc3 {[%clk 0:56:45]} Qxe7 {[%clk 1:01:01]} 16. h3
{[%clk 0:53:45]} Bh5 {[%clk 0:49:22]} 17. Rb1 {[%clk 0:36:56]} b6
{[%clk 0:47:38]} 18. g4 {[%clk 0:26:05]} Bg6 {[%clk 0:47:47]} 19. Bd3
{[%clk 0:25:54]} Qd6 {[%clk 0:46:49]} 20. Ne5 {[%clk 0:18:53]} Bxd3
{[%clk 0:45:23]} 21. Qxd3 {[%clk 0:19:00]} Rac8 {[%clk 0:45:17]} 22. Re3
{[%clk 0:18:27]} Nxe5 {[%clk 0:42:07]} 23. dxe5 {[%clk 0:18:30]} Qa3
{[%clk 0:41:07]} 24. Qxd5 {[%clk 0:14:13]} Rxc3 {[%clk 0:41:10]} 25. Rbe1
{[%clk 0:14:13]} Qc5 {[%clk 0:38:31]} 26. Qd7 {[%clk 0:11:01]} Qc7
{[%clk 0:31:47]} 27. Qxc7 {[%clk 0:09:18]} 1/2-1/2

[Event "Figueira 2023"]
[Site "?"]
[Date "2023.11.12"]
[Round "9.4"]
[White "Das, Sayantan"]
[Black "Lalit, Babu M R"]
[Result "1/2-1/2"]
[BlackElo "2533"]
[WhiteElo "2500"]
[LiveChessVersion "1.4.8"]

1. e4 {[%clk 1:30:55]} e5 {[%clk 1:25:53]} 2. Nf3 {[%clk 1:31:11]} Nc6
{[%clk 1:26:16]} 3. Bb5 {[%clk 1:31:35]} a6 {[%clk 1:26:38]} 4. Ba4
{[%clk 1:31:56]} Nf6 {[%clk 1:26:58]} 5. O-O {[%clk 1:32:03]} b5 {[%clk 1:26:37]}
6. Bb3 {[%clk 1:32:27]} Bc5 {[%clk 1:27:02]} 7. a4 {[%clk 1:27:40]} Rb8
{[%clk 1:22:47]} 8. axb5 {[%clk 1:24:57]} axb5 {[%clk 1:23:10]} 9. c3
{[%clk 1:23:59]} d6 {[%clk 1:19:46]} 10. d4 {[%clk 1:24:06]} Bb6 {[%clk 1:20:11]}
11. Qd3 {[%clk 1:23:55]} O-O {[%clk 0:59:50]} 12. Bg5 {[%clk 1:24:07]} h6
{[%clk 0:58:38]} 13. Bh4 {[%clk 1:23:58]} b4 {[%clk 0:32:27]} 14. Ba4
{[%clk 1:07:13]} Bb7 {[%clk 0:25:23]} 15. d5 {[%clk 1:04:28]} Ne7
{[%clk 0:25:11]} 16. Bxf6 {[%clk 1:02:23]} gxf6 {[%clk 0:25:38]} 17. Nh4
{[%clk 1:00:54]} bxc3 {[%clk 0:19:56]} 18. bxc3 {[%clk 0:59:55]} Kh7
{[%clk 0:19:21]} 19. Nd2 {[%clk 0:56:53]} Rg8 {[%clk 0:18:56]} 20. g3
{[%clk 0:38:41]} Bc8 {[%clk 0:17:35]} 21. Nf5 {[%clk 0:34:11]} Rg5
{[%clk 0:14:54]} 22. h4 {[%clk 0:32:07]} Rxf5 {[%clk 0:14:48]} 23. exf5
{[%clk 0:32:29]} Bxf5 {[%clk 0:15:15]} 24. Qf3 {[%clk 0:30:44]} Qg8
{[%clk 0:15:00]} 25. Ne4 {[%clk 0:29:25]} Bxe4 {[%clk 0:14:38]} 26. Qxe4+
{[%clk 0:29:52]} f5 {[%clk 0:15:04]} 27. Qf3 {[%clk 0:24:32]} e4 {[%clk 0:14:54]}
28. Qf4 {[%clk 0:22:40]} Qg6 {[%clk 0:15:20]} 29. c4 {[%clk 0:22:05]} Bd4
{[%clk 0:13:35]} 30. Rab1 {[%clk 0:20:57]} Rg8 {[%clk 0:13:14]} 31. Kg2
{[%clk 0:11:38]} Qf6 {[%clk 0:10:25]} 32. Bd1 {[%clk 0:06:51]} Ng6
{[%clk 0:08:10]} 33. Qd2 {[%clk 0:07:15]} Nxh4+ {[%clk 0:04:46]} 34. Kh3
{[%clk 0:07:02]} Ng6 {[%clk 0:02:39]} 35. f4 {[%clk 0:07:08]} Nf8
{[%clk 0:02:37]} 36. Rb8 {[%clk 0:04:27]} Bb6 {[%clk 0:02:02]} 37. Re8
{[%clk 0:02:14]} Qg6 {[%clk 0:02:00]} 38. Qh2 {[%clk 0:02:10]} Qf6
{[%clk 0:01:09]} 39. Kg2 {[%clk 0:01:36]} Qb2+ {[%clk 0:00:37]} 40. Kh3
{[%clk 0:30:35]} Qc3 {[%clk 0:30:33]} 41. Be2 {[%clk 0:30:26]} Qe3
{[%clk 0:26:44]} 42. Bh5 {[%clk 0:24:53]} Ng6 {[%clk 0:24:36]} 43. Rxg8
{[%clk 0:23:36]} Kxg8 {[%clk 0:25:04]} 44. Bd1 {[%clk 0:16:37]} Qd4
{[%clk 0:22:34]} 45. Qe2 {[%clk 0:16:41]} h5 {[%clk 0:21:51]} 46. Qxh5
{[%clk 0:09:46]} Qxc4 {[%clk 0:19:47]} 47. Be2 {[%clk 0:09:26]} Qxd5
{[%clk 0:20:09]} 48. Rc1 {[%clk 0:09:48]} Qe6 {[%clk 0:16:47]} 49. Qg5
{[%clk 0:06:51]} Kg7 {[%clk 0:16:51]} 50. Rh1 {[%clk 0:04:32]} Qf6
{[%clk 0:15:07]} 51. Qh5 {[%clk 0:04:56]} d5 {[%clk 0:14:29]} 52. Kg2
{[%clk 0:05:03]} Qb2 {[%clk 0:13:37]} 53. Kh3 {[%clk 0:03:44]} d4
{[%clk 0:11:47]} 54. Rh2 {[%clk 0:02:59]} d3 {[%clk 0:12:04]} 55. Qxf5
{[%clk 0:02:40]} dxe2 {[%clk 0:05:33]} 56. Qxe4 {[%clk 0:03:05]} f5
{[%clk 0:05:43]} 57. Qxe2 {[%clk 0:02:04]} Qxe2 {[%clk 0:06:08]} 58. Rxe2
{[%clk 0:02:33]} Bd4 {[%clk 0:06:15]} 59. Kg2 {[%clk 0:01:07]} c5
{[%clk 0:06:27]} 60. Kf3 {[%clk 0:01:32]} Kf7 {[%clk 0:06:05]} 61. g4
{[%clk 0:01:28]} fxg4+ {[%clk 0:06:17]} 62. Kxg4 {[%clk 0:01:56]} Ne7
{[%clk 0:06:43]} 63. Rh2 {[%clk 0:01:13]} c4 {[%clk 0:06:41]} 64. Kf3
{[%clk 0:01:27]} Ke6 {[%clk 0:05:55]} 65. Ke4 {[%clk 0:01:35]} Bf6
{[%clk 0:05:45]} 66. Rh5 {[%clk 0:01:09]} Kd6 {[%clk 0:04:42]} 67. Rh6
{[%clk 0:01:19]} Nd5 {[%clk 0:05:03]} 68. Rxf6+ {[%clk 0:01:27]} Nxf6+
{[%clk 0:04:59]} 69. Kd4 {[%clk 0:01:52]} Ke6 {[%clk 0:04:29]} 70. Kxc4
{[%clk 0:02:16]} Kf5 {[%clk 0:04:56]} 71. Kd4 {[%clk 0:02:40]} Kxf4
{[%clk 0:05:22]} 72. Kd5 1/2-1/2

[Event "Figueira 2023"]
[Site "?"]
[Date "2023.11.12"]
[Round "9.5"]
[White "Grigoryan, Karen H."]
[Black "Barski, Radoslaw"]
[Result "1-0"]
[BlackElo "2437"]
[WhiteElo "2646"]
[LiveChessVersion "1.4.8"]

1. g3 d5 2. Bg2 Nf6 3. d3 e6 4. f4 Be7 5. Nd2 c5 6. e4 Nc6 7. Ngf3 b6 8. O-O Bb7
9. Re1 Qc7 10. c3 dxe4 11. dxe4 O-O-O 12. Qe2 h6 13. Nc4 Ne8 14. e5 Qd7 15. a4
Nc7 16. Be3 Ba6 17. Red1 Bxc4 18. Qxc4 Qxd1+ 19. Rxd1 Rxd1+ 20. Kf2 Na5 21. Qe4
c4 22. Nd2 Rxd2+ 23. Bxd2 Rd8 24. Be3 Rd1 25. Qh7 Nb3 26. Bf1 Na5 27. Qxg7 Rb1
28. Qxf7 Rxb2+ 29. Kf3 Kd7 30. f5 Nc6 31. fxe6+ Kc8 32. Ke4 Rc2 33. Bxc4 Rxc3 34.
Bb5 1-0

[Event "Figueira 2023"]
[Site "?"]
[Date "2023.11.12"]
[Round "9.6"]
[White "Olsen, Filip Boe"]
[Black "Ghosh, Diptayan"]
[Result "0-1"]
[BlackElo "2570"]
[WhiteElo "2416"]
[LiveChessVersion "1.4.8"]

1. d4 {[%clk 1:30:55]} d5 {[%clk 1:26:23]} 2. c4 {[%clk 1:31:12]} e6
{[%clk 1:26:48]} 3. Nf3 {[%clk 1:31:27]} Nf6 {[%clk 1:27:10]} 4. g3
{[%clk 1:31:44]} Be7 {[%clk 1:27:12]} 5. Bg2 {[%clk 1:32:01]} O-O
{[%clk 1:27:36]} 6. Nc3 {[%clk 1:29:43]} c6 {[%clk 1:26:53]} 7. O-O
{[%clk 1:29:46]} a5 {[%clk 1:27:20]} 8. Qc2 {[%clk 1:25:09]} dxc4
{[%clk 1:24:11]} 9. Rd1 {[%clk 1:11:47]} b5 {[%clk 1:19:43]} 10. e4
{[%clk 1:04:29]} Bb7 {[%clk 1:10:05]} 11. Bg5 {[%clk 1:00:23]} Nbd7
{[%clk 1:03:55]} 12. e5 {[%clk 0:53:24]} Nd5 {[%clk 1:00:37]} 13. Ne4
{[%clk 0:52:54]} c5 {[%clk 0:51:43]} 14. Bxe7 {[%clk 0:40:47]} Qxe7
{[%clk 0:51:38]} 15. Neg5 {[%clk 0:38:50]} g6 {[%clk 0:49:38]} 16. a4
{[%clk 0:37:09]} Nb4 {[%clk 0:38:38]} 17. Qe2 {[%clk 0:33:04]} bxa4
{[%clk 0:32:50]} 18. Rxa4 {[%clk 0:30:12]} Rfd8 {[%clk 0:29:37]} 19. Raa1
{[%clk 0:25:25]} Bd5 {[%clk 0:25:35]} 20. Ne4 {[%clk 0:23:51]} cxd4
{[%clk 0:24:45]} 21. Rxd4 {[%clk 0:18:42]} Nc6 {[%clk 0:24:29]} 22. Rxc4
{[%clk 0:08:47]} Bxc4 {[%clk 0:23:25]} 23. Qxc4 {[%clk 0:09:06]} Ncxe5
{[%clk 0:18:33]} 24. Nxe5 {[%clk 0:09:20]} Nxe5 {[%clk 0:19:02]} 25. Qc3
{[%clk 0:09:34]} Nd7 {[%clk 0:16:56]} 26. Rd1 {[%clk 0:09:21]} Rac8
{[%clk 0:14:28]} 27. Qf3 {[%clk 0:04:29]} Ne5 {[%clk 0:11:34]} 28. Rxd8+
{[%clk 0:03:45]} Qxd8 {[%clk 0:10:22]} 29. Qf4 {[%clk 0:02:15]} Qd1+
{[%clk 0:09:39]} 30. Bf1 {[%clk 0:02:42]} Rc1 {[%clk 0:09:07]} 31. Nd2
{[%clk 0:02:09]} Qxd2 {[%clk 0:08:52]} 32. Qxe5 {[%clk 0:02:29]} Qe1
{[%clk 0:08:47]} 0-1

[Event "Figueira 2023"]
[Site "?"]
[Date "2023.11.12"]
[Round "9.7"]
[White "Rajesh, V A V"]
[Black "Solodovnichenko, Yuri"]
[Result "1-0"]
[BlackElo "2490"]
[WhiteElo "2310"]
[LiveChessVersion "1.4.8"]

1. d4 Nf6 2. c4 e6 3. Nc3 c5 4. d5 exd5 5. cxd5 d6 6. Nf3 g6 7. Bf4 Bg7 8. e4 O-O
9. Nd2 Ne8 10. Be2 Nd7 11. O-O Ne5 12. Be3 f5 13. f4 Nf7 14. a4 Nf6 15. exf5 gxf5
16. Nc4 Bd7 17. h3 Re8 18. Bf2 b6 19. Bd3 Ne4 20. Bxe4 fxe4 21. Re1 Bxc3 22. bxc3
Qf6 23. Qd2 h5 24. Re3 Kh7 25. Qe2 Qf5 26. Nd2 Qxd5 27. c4 Qf5 28. Nxe4 Qg6 29.
Bh4 Kh6 30. Nf6 Rxe3 31. Qxe3 Bf5 32. Ra3 d5 33. Qe2 Be4 34. Rg3 Qf5 35. cxd5
Bxd5 36. Bg5+ Kg7 37. Qxh5 Rh8 38. Bh4+ 1-0

[Event "Figueira 2023"]
[Site "?"]
[Date "2023.11.12"]
[Round "9.8"]
[White "Jacobsen, Mikkel Manosri"]
[Black "Urazayev, Arystanbek"]
[Result "0-1"]
[BlackElo "2478"]
[WhiteElo "2261"]
[LiveChessVersion "1.4.8"]

1. c4 {[%clk 1:30:55]} e5 {[%clk 1:27:54]} 2. g3 {[%clk 1:31:05]} Nc6
{[%clk 1:22:07]} 3. Nc3 {[%clk 1:31:22]} g6 {[%clk 1:20:58]} 4. Bg2
{[%clk 1:31:09]} d6 {[%clk 1:21:22]} 5. d3 {[%clk 1:30:49]} Bg7 {[%clk 1:21:28]}
6. Rb1 {[%clk 1:30:16]} a5 {[%clk 1:21:03]} 7. e3 {[%clk 1:27:54]} Be6
{[%clk 1:21:06]} 8. Nge2 {[%clk 1:27:39]} h5 {[%clk 1:19:17]} 9. h3
{[%clk 1:20:33]} Qd7 {[%clk 1:19:39]} 10. Nd5 {[%clk 1:20:13]} Nd8
{[%clk 1:12:13]} 11. O-O {[%clk 1:10:36]} Ra6 {[%clk 1:05:51]} 12. Kh2
{[%clk 1:10:20]} c6 {[%clk 1:05:49]} 13. Ndc3 {[%clk 1:10:39]} f5
{[%clk 0:58:43]} 14. h4 {[%clk 0:36:25]} Nf6 15. b3 {[%clk 0:32:18]} O-O
{[%clk 0:51:35]} 16. d4 {[%clk 0:29:11]} Bf7 {[%clk 0:49:14]} 17. d5
{[%clk 0:28:04]} Kh7 {[%clk 0:41:33]} 18. e4 {[%clk 0:26:06]} cxd5
{[%clk 0:40:42]} 19. cxd5 {[%clk 0:22:05]} f4 {[%clk 0:36:45]} 20. Qd3
{[%clk 0:16:33]} Be8 {[%clk 0:35:55]} 21. gxf4 {[%clk 0:16:33]} Ng4+
{[%clk 0:35:55]} 22. Kh1 {[%clk 0:14:42]} Qe7 {[%clk 0:33:40]} 23. f5
{[%clk 0:10:52]} Qxh4+ {[%clk 0:29:57]} 24. Qh3 {[%clk 0:11:17]} Qxh3+
{[%clk 0:22:29]} 25. Bxh3 {[%clk 0:11:45]} gxf5 {[%clk 0:22:57]} 26. f3
{[%clk 0:07:51]} Nh6 {[%clk 0:20:53]} 27. Bg5 {[%clk 0:07:48]} Bg6
{[%clk 0:18:53]} 28. Bxh6 {[%clk 0:05:59]} Bxh6 {[%clk 0:18:52]} 29. Ng3 fxe4
{[%clk 0:15:13]} 30. fxe4 {[%clk 0:06:41]} Nf7 {[%clk 0:15:19]} 31. Nf5
{[%clk 0:04:47]} Bd2 {[%clk 0:11:30]} 32. Nb5 {[%clk 0:03:47]} Ng5
{[%clk 0:11:47]} 33. Bg2 {[%clk 0:03:00]} Bxf5 {[%clk 0:10:13]} 34. Rxf5
{[%clk 0:02:27]} Rxf5 {[%clk 0:09:55]} 35. exf5 {[%clk 0:02:55]} Kg7
{[%clk 0:09:23]} 36. Rb2 {[%clk 0:03:24]} Bf4 {[%clk 0:08:40]} 37. Bf1
{[%clk 0:02:54]} Kf6 {[%clk 0:07:41]} 38. Nc7 {[%clk 0:01:50]} Rb6
{[%clk 0:06:36]} 39. Bb5 {[%clk 0:02:10]} Kxf5 {[%clk 0:05:49]} 40. a4 e4
{[%clk 0:31:44]} 41. b4 {[%clk 0:27:56]} Rxb5 {[%clk 0:31:15]} 42. Nxb5
{[%clk 0:26:46]} Be5 {[%clk 0:27:52]} 43. Rb3 {[%clk 0:21:57]} axb4
{[%clk 0:26:10]} 44. Rxb4 {[%clk 0:21:34]} e3 {[%clk 0:20:58]} 45. Kg2
{[%clk 0:17:27]} h4 {[%clk 0:20:10]} 46. Rxh4 {[%clk 0:13:02]} e2
{[%clk 0:20:23]} 47. Rh1 {[%clk 0:13:24]} Ke4 {[%clk 0:20:33]} 48. Na3
{[%clk 0:00:45]} Kd3 {[%clk 0:19:23]} 49. Nb1 {[%clk 0:00:47]} Ne4
{[%clk 0:16:35]} 50. Kf3 {[%clk 0:00:31]} Nd2+ {[%clk 0:14:40]} 51. Nxd2
{[%clk 0:00:32]} Kxd2 {[%clk 0:15:08]} 52. Kf2 {[%clk 0:00:31]} Bd4+
{[%clk 0:15:28]} 0-1

[Event "Figueira 2023"]
[Site "?"]
[Date "2023.11.12"]
[Round "9.9"]
[White "Sousa, Andre Ventura"]
[Black "Elissalt Cardenas, Hector"]
[Result "0-1"]
[BlackElo "2327"]
[WhiteElo "2441"]
[LiveChessVersion "1.4.8"]

1. e4 {[%clk 1:30:55]} d6 {[%clk 1:30:50]} 2. d4 {[%clk 1:31:22]} Nf6
{[%clk 1:31:14]} 3. Nc3 {[%clk 1:31:48]} e5 {[%clk 1:31:31]} 4. dxe5
{[%clk 1:32:15]} dxe5 {[%clk 1:31:42]} 5. Qxd8+ {[%clk 1:32:41]} Kxd8
{[%clk 1:32:00]} 6. Bc4 {[%clk 1:33:07]} Be6 {[%clk 1:32:11]} 7. Bxe6
{[%clk 1:33:33]} fxe6 {[%clk 1:32:31]} 8. f3 {[%clk 1:33:58]} Bc5
{[%clk 1:29:52]} 9. Nh3 {[%clk 1:34:17]} Nc6 {[%clk 1:29:35]} 10. Nb1
{[%clk 1:27:12]} h6 {[%clk 1:21:37]} 11. c3 {[%clk 1:27:08]} a5 {[%clk 1:21:56]}
12. a4 {[%clk 1:26:48]} Ke7 {[%clk 1:20:28]} 13. Nf2 {[%clk 1:20:38]} Bxf2+
{[%clk 1:18:22]} 14. Kxf2 {[%clk 1:21:03]} Raf8 {[%clk 1:17:59]} 15. Ke2
{[%clk 1:21:05]} g5 {[%clk 1:17:46]} 16. Be3 {[%clk 1:14:40]} b6 {[%clk 1:17:50]}
17. Nd2 {[%clk 1:12:53]} Nh5 {[%clk 1:14:47]} 18. g3 {[%clk 1:09:29]} Rfg8
{[%clk 1:09:01]} 19. Raf1 {[%clk 1:02:36]} Nf6 {[%clk 1:08:15]} 20. g4
{[%clk 1:01:18]} h5 {[%clk 1:08:05]} 21. h4 {[%clk 1:01:44]} gxh4
{[%clk 1:00:40]} 22. g5 {[%clk 1:02:09]} Nd7 {[%clk 0:52:57]} 23. Rxh4
{[%clk 1:01:31]} Kf7 {[%clk 0:53:09]} 24. f4 {[%clk 0:58:22]} exf4
{[%clk 0:53:00]} 25. Rhxf4+ {[%clk 0:57:09]} Kg6 {[%clk 0:51:38]} 26. Rf6+
{[%clk 0:47:32]} Nxf6 {[%clk 0:51:55]} 27. Rxf6+ {[%clk 0:47:59]} Kh7
{[%clk 0:51:58]} 28. Rh6+ {[%clk 0:48:13]} Kg7 {[%clk 0:52:20]} 29. Rxe6
{[%clk 0:48:41]} Nd8 {[%clk 0:50:36]} 30. Re7+ {[%clk 0:45:51]} Kg6
{[%clk 0:49:50]} 31. Nf3 {[%clk 0:40:48]} h4 {[%clk 0:49:46]} 32. Bf4
{[%clk 0:26:38]} Re8 {[%clk 0:40:52]} 33. Rxe8 {[%clk 0:20:51]} Rxe8
{[%clk 0:41:13]} 34. Bxc7 {[%clk 0:21:15]} h3 {[%clk 0:36:56]} 35. Kf2
{[%clk 0:17:16]} Ne6 {[%clk 0:26:24]} 36. Bxb6 {[%clk 0:17:43]} Rb8 37. Bxa5
Rxb2+ 38. Kg3 Nxg5 39. Bc7 Rg2+ 40. Kf4 Rf2 0-1

[Event "Figueira 2023"]
[Site "?"]
[Date "2023.11.12"]
[Round "9.10"]
[White "Sidhant, Mohapatra"]
[Black "Audi, Ameya"]
[Result "1/2-1/2"]
[BlackElo "2371"]
[WhiteElo "2418"]
[LiveChessVersion "1.4.8"]

1. e4 {[%clk 1:30:48]} e5 {[%clk 1:30:55]} 2. Nf3 {[%clk 1:31:11]} Nc6 3. Bb5
{[%clk 1:31:02]} a6 {[%clk 1:31:46]} 4. Ba4 {[%clk 1:31:28]} Nf6 {[%clk 1:32:10]}
5. O-O {[%clk 1:31:30]} Nxe4 {[%clk 1:32:34]} 6. d4 {[%clk 1:31:43]} b5
{[%clk 1:32:59]} 7. Bb3 {[%clk 1:32:07]} d5 {[%clk 1:33:25]} 8. dxe5
{[%clk 1:32:31]} Be6 {[%clk 1:33:51]} 9. c3 {[%clk 1:32:55]} Be7 {[%clk 1:33:52]}
10. Bc2 {[%clk 1:33:10]} Bg4 {[%clk 1:11:36]} 11. Qe1 {[%clk 1:33:13]} Bxf3
{[%clk 0:58:25]} 12. gxf3 {[%clk 1:33:28]} Qd7 {[%clk 0:58:18]} 13. fxe4
{[%clk 1:31:10]} Qg4+ {[%clk 0:58:43]} 14. Kh1 {[%clk 1:31:39]} Qf3+
{[%clk 0:59:07]} 15. Kg1 {[%clk 1:32:06]} Qg4+ {[%clk 0:59:35]} 1/2-1/2

[Event "Figueira 2023"]
[Site "?"]
[Date "2023.11.12"]
[Round "9.11"]
[White "Davtyan, David Arm."]
[Black "Petkov, Vladimir"]
[Result "1/2-1/2"]
[BlackElo "2408"]
[WhiteElo "2362"]
[LiveChessVersion "1.4.8"]

1. d4 Nf6 2. c4 e6 3. g3 d5 4. Nf3 Bb4+ 5. Bd2 Be7 6. Bg2 O-O 7. O-O c6 8. Qc2
Nbd7 9. Rd1 b6 10. Nc3 Bb7 11. Bf4 Nh5 12. Bc1 Nhf6 13. Bf4 Nh5 14. Bc1 Nhf6
1/2-1/2

[Event "Figueira 2023"]
[Site "?"]
[Date "2023.11.12"]
[Round "9.12"]
[White "Antolak, Julia"]
[Black "Dhulipalla, Bala Chandra Prasad"]
[Result "0-1"]
[BlackElo "2408"]
[WhiteElo "2281"]
[LiveChessVersion "1.4.8"]

1. d4 {[%clk 1:30:56]} Nf6 {[%clk 1:30:39]} 2. c4 {[%clk 1:31:24]} e6
{[%clk 1:31:03]} 3. Nc3 {[%clk 1:31:39]} Bb4 {[%clk 1:31:27]} 4. e3
{[%clk 1:31:15]} O-O {[%clk 1:31:50]} 5. Bd3 {[%clk 1:31:26]} d5 {[%clk 1:32:03]}
6. Nge2 {[%clk 1:31:21]} dxc4 {[%clk 1:31:49]} 7. Bxc4 {[%clk 1:31:30]} c5
{[%clk 1:32:13]} 8. O-O {[%clk 1:27:43]} Nc6 {[%clk 1:25:42]} 9. a3
{[%clk 1:24:03]} Bxc3 {[%clk 1:23:08]} 10. bxc3 {[%clk 1:23:50]} Qc7
{[%clk 1:23:00]} 11. Bd3 {[%clk 1:22:17]} e5 {[%clk 0:55:10]} 12. d5
{[%clk 1:18:10]} Nxd5 {[%clk 0:45:55]} 13. Bxh7+ {[%clk 1:18:09]} Kxh7
{[%clk 0:46:23]} 14. Qxd5 {[%clk 1:18:32]} Be6 {[%clk 0:39:58]} 15. Qf3
{[%clk 1:07:58]} f5 {[%clk 0:30:45]} 16. Qh5+ {[%clk 1:06:18]} Kg8
{[%clk 0:31:06]} 17. f4 {[%clk 1:06:46]} Bc4 {[%clk 0:30:33]} 18. e4
{[%clk 1:04:34]} Qf7 {[%clk 0:18:25]} 19. Qf3 {[%clk 1:04:10]} Rae8
{[%clk 0:17:08]} 20. Rf2 {[%clk 1:02:07]} fxe4 {[%clk 0:14:28]} 21. Qe3
{[%clk 1:02:09]} Qd5 {[%clk 0:14:06]} 22. Bb2 {[%clk 0:58:52]} Qd3
{[%clk 0:08:02]} 23. Qxc5 {[%clk 0:56:58]} e3 {[%clk 0:08:26]} 24. Rf3
{[%clk 0:57:21]} Qxe2 {[%clk 0:08:50]} 25. Rxe3 {[%clk 0:57:49]} b6
{[%clk 0:09:07]} 0-1

[Event "Figueira 2023"]
[Site "?"]
[Date "2023.11.12"]
[Round "9.13"]
[White "Sieciechowicz, Marcin"]
[Black "Kaczmarek, Aleksander"]
[Result "0-1"]
[BlackElo "2331"]
[WhiteElo "2407"]
[LiveChessVersion "1.4.8"]

1. d4 Nf6 2. c4 e6 3. Nc3 Bb4 4. f3 O-O 5. a3 Bxc3+ 6. bxc3 d6 7. e4 h6 8. Bd3 e5
9. Ne2 c5 10. O-O Nc6 11. Be3 b6 12. d5 Na5 13. Ng3 Qe8 14. a4 Bd7 15. h3 Nh7 16.
Ra2 g5 17. Kh2 f6 18. Nh1 Kg7 19. Qc2 Rh8 20. Ng3 h5 21. h4 gxh4 22. Nf5+ Bxf5
23. exf5 Ng5 24. Qf2 Nf7 25. Qxh4 Qd8 26. Rh1 Kf8 27. Kg1 Ke7 28. Rh3 Rg8 29.
Qxh5 Qd7 30. Qh4 Rh8 31. Qg3 Rag8 32. Qh2 Qc8 33. g4 e4 34. Bxe4 Nxc4 35. Bf4
Nce5 36. Rxh8 Rxh8 37. Qe2 Rh3 38. a5 Qh8 39. Qg2 Qh4 40. Re2 Ng5 41. axb6 axb6
42. Rf2 Nxe4 43. fxe4 Nd3 44. g5 Rh1+ 0-1

[Event "Figueira 2023"]
[Site "?"]
[Date "2023.11.12"]
[Round "9.14"]
[White "Maisuradze, Nino"]
[Black "Arpan, Das (Jr)"]
[Result "1/2-1/2"]
[BlackElo "2400"]
[WhiteElo "2253"]
[LiveChessVersion "1.4.8"]

1. d4 d5 2. Nf3 e6 3. Bg5 Be7 4. Bxe7 Nxe7 5. Nbd2 O-O 6. e3 Nd7 7. Bd3 c5 8. c3
Qc7 9. O-O b6 10. Rc1 e5 11. dxe5 Nxe5 12. Nxe5 Qxe5 13. e4 dxe4 14. Bxe4 Rb8 15.
Re1 Qc7 1/2-1/2